000
00360nam a22001217a 4500
003
SGT
082
_a
200
_b
R10S
100
_a
शुक्ल,लक्ष्मीकांत
245
_a
राम और रामसे:तिथिबद्ध इतिहास
260
_b
मेधा प्रकाशन
_c
2010
300
_a
192
942
_2
ddc
_c
BK
999
_c
31803
_d
31803